| 000 | 01404cam a22003977i 4500 | ||
|---|---|---|---|
| 005 | 20230608094330.0 | ||
| 008 | 130411t20142014inua 001 0 eng d | ||
| 010 | _a 2013937702 | ||
| 015 |
_aGBB2C4996 _2bnb |
||
| 016 | 7 |
_a016229429 _2Uk |
|
| 020 | _a9780789750556 (pbk.) | ||
| 020 | _a0789750554 (pbk.) | ||
| 035 | _a(OCoLC)ocn813925131 | ||
| 040 |
_aBTCTA _beng _cBTCTA _erda _dUKMGB _dYDXCP _dSINLB _dOCLCO _dOQX _dTXG _dOCLCF _dCUD _dCDX _dLIV _dDLC |
||
| 042 | _alccopycat | ||
| 082 | 0 | 4 |
_a658.404 _223 _bKEN-P |
| 100 | 1 | _aKennemer, Brian, | |
| 245 | 1 | 0 |
_aProject 2013 : _babsolute beginner's guide / _cBrian Kennemer and Sonia Atchison. |
| 246 | 3 | _aProject twenty thirteen | |
| 260 |
_aUSA _bQUE _c2014 |
||
| 264 | 1 |
_aIndianapolis, Indiana : _bQue, _c[2014] |
|
| 264 | 4 | _c©2014 | |
| 300 |
_ax, 254 pages : _billustrations ; _c24 cm. |
||
| 336 |
_atext _2rdacontent |
||
| 337 |
_aunmediated _2rdamedia |
||
| 338 |
_avolume _2rdacarrier |
||
| 490 | 1 | _aAbsolute beginner's guide | |
| 500 | _aIncludes index. | ||
| 650 | 0 |
_aProject management _xComputer programs. |
|
| 650 | 7 |
_aProject management _xComputer programs. _2fast _0(OCoLC)fst01078799 |
|
| 700 | 1 | _aAtchison, Sonia, | |
| 906 |
_a7 _bcbc _ccopycat _d2 _encip _f20 _gy-gencatlg |
||
| 999 |
_c18667 _d18667 |
||